000 01032nam a2200241Ia 4500
003 GCL
008 140319s9999 xx 000 0 ara d
020 _a8235201977
040 _aGCL /
_cGCL
082 0 4 _aق
_b327.62064
_bي ت
100 1 _aيونان لبيب رزق
245 1 0 _aتاريخ العلاقات المصرية المغربية منذ مطلع العصور الحديثة حتى عام 1912 /
_cيونان لبيب رزق
260 _aالقاهرة :
_bالهيئة المصرية العامة للكتاب ،
_c1990
300 _a347 ص ؛
_c22 سم
490 _aتاريخ المصريين
_v34
650 0 4 _aمصر - الاحوال السياسية
650 0 4 _aمصر - الاحوال الاقتصادية
650 0 4 _aمصر - العلاقات الخارجية - المغرب
650 0 4 _aالمغرب - الاحوال الاقتصادية
650 0 4 _aالمغرب - الاحوال السياسية
650 0 4 _aمصر - العلاقات الثقافية - المغرب
942 _2ddc
_cBK
999 _c57371
_d57371